000 00806nam a2200217 i 4500
001 135898
003 ES-MaACL
005 20230906195002.0
007 t|
008 070214s1984 sp r ||||1| spa d
100 1 _aRuiz de la Cuesta, Antonio.
_9100745
245 1 3 _aEl legado doctrinal de Quevedo
_b: su dimensión política y filosófico-jurídica /
_cAntonio Ruiz de la Cuesta.
260 _aMadrid :
_bTecnos :
_bFundación Cultural Enrique Luño Peña,
_c1984.
300 _a266 p. ;
_c22 cm.
490 1 _aDerecho, cultura y sociedad
600 1 4 _aQuevedo, Francisco de-
_xCrítica e interpretación.
_994593
710 2 _aFundación Cultural Enrique Luño Peña.
_94262
830 0 _aDerecho, cultura y sociedad
_9182044
852 _aES-MaACL
_jL-6543
_bR.106902
999 _c135898
_d135898